Химия и технология топлива: научно-технический журнал

Λεπτομέρειες βιβλιογραφικής εγγραφής
Νέος τίτλος:Химия и технология топлив и масел
Συλλογικό Έργο: Министерство нефтяной промышленности СССР, Академия наук СССР (АН СССР)
Γλώσσα:Ρωσικά
Έκδοση: М., Гостоптехиздат, 1956-1957
Θέματα:
Μορφή: Βιβλίο
KOHA link:https://koha.lib.tpu.ru/cgi-bin/koha/opac-detail.pl?biblionumber=379931

MARC

LEADER 00000nam1a2200000 4500
001 379931
005 20231101062634.0
011 |a 0023-1169 
035 |a (RuTPU)RU\TPU\prd\426 
035 |a PERI00000426 
090 |a 379931 
100 |a 20011210a19561957k y0rusy50 ca 
101 0 |a rus 
102 |a RU 
200 1 |a Химия и технология топлива  |e научно-технический журнал  |f Министерство нефтяной промышленности СССР ; Академия наук СССР (АН СССР) 
210 |a М.  |c Гостоптехиздат  |d 1956-1957 
305 |a Издается с 1956 г. 
326 |a 12 номеров в год 
440 1 |0 (RuTPU)RU\TPU\prd\1645  |x 0023-1169  |t Химия и технология топлив и масел  |o научно-технический журнал  |f Российская Федерация, Министерство энергетики (Минэнерго России) ; Российский государственный университет нефти и газа им. И. М. Губкина (РГУ Нефти и Газа)  |c М.  |n Техника  |d 1957- 
610 1 |a топливная промышленность 
610 1 |a масла 
610 1 |a химия 
610 1 |a технологии 
610 1 |a топливо 
712 0 2 |a Министерство нефтяной промышленности СССР 
712 0 2 |a Академия наук СССР (АН СССР)  |2 stltpush  |3 (RuTPU)RU\TPU\col\722 
801 0 |a RU  |b 63413507  |c 20011210  |g PSBO 
801 2 |a RU  |b 63413507  |c 20120215  |g PSBO 
942 |c CR